| 000 -ლიდერი |
| ფიქსირებული სიგრძის საკონტროლო ველი |
01688nam a22002417a 4500 |
| 003 - საკონტროლო ნომრის იდენტიფიკატორი |
| საკონტროლო ველი |
Ge_BSU |
| 005 - ბოლო ოპერაციის თარიღი და დრო |
| საკონტროლო ველი |
20230519170124.0 |
| 008 - ფიქსირებული სიგრძის მონაცემთა ელემენტები - ზოგადი ინფორმაცია |
| ფიქსირებული სიგრძის საკონტროლო ველი |
230519s20112012ge ||||| |||| 00| 0 geo d |
| 020 ## - წიგნის საერთაშორისო სტანდარტული ნომერი |
| International Standard Book Number |
1987-9563 |
| 041 ## - ენის კოდი |
| Language code of text/sound track or separate title |
geo |
| 080 ## - უნივერსალური ათობითი კლასიფიკაციის ინდექსი |
| Universal Decimal Classification number |
930.2(479.22) ქ-27 |
| 245 ## - ცნობა სათაურის შესახებ |
| Title |
ქართული წყაროთმცოდნეობა = Georgian Source-Studies : |
| Remainder of title |
ტ. 13-15 |
| Statement of responsibility, etc |
რედაქტორები გიული ალასანია და მარიამ ჩხარტიშვილი; საქართველოს სსრ მეცნიერებათა აკადემია. ისტორიის, არქეოლოგიისა და ეთნოგრაფიის ინსტიტუტი ივანე ჯავახიშვილის სახელობის. |
| 264 ## - წარმოების, გამოცემის, დისტრიბუციის და სხვა ცნობები |
| გამოცემის, წარმოების, დისტრიბუციის... ადგილი |
თბილისი: |
| გამოცემის, წარმოების, დისტრიბუციის... სახელწოდება |
უნივერსალი, |
| გამოცემის, წარმოების, დისტრიბუციის... თარიღი |
2011/2012. |
| 300 ## - ფიზიკური აღწერა |
| Extent |
304 გვ. ; |
| Other physical details |
29 სმ. |
| 500 ## - ზოგადი შენიშვნა |
| General note |
ტექსტები ინგლ. ენაზე |
| 653 ## - INDEX TERM--UNCONTROLLED |
| Uncontrolled term |
ისტორია |
| 653 ## - INDEX TERM--UNCONTROLLED |
| Uncontrolled term |
არქეოლოგია |
| 653 ## - INDEX TERM--UNCONTROLLED |
| Uncontrolled term |
ეთნოლოგია |
| 700 ## - ADDED ENTRY--PERSONAL NAME |
| Personal name |
ალასანია, გიული |
| Relator term |
რედაქტორი |
| 9 (RLIN) |
13521 |
| 700 ## - ADDED ENTRY--PERSONAL NAME |
| Personal name |
ჩხარტიშვილი, მარიამ |
| 9 (RLIN) |
13522 |
| 710 ## - ADDED ENTRY--CORPORATE NAME |
| Corporate name or jurisdiction name as entry element |
საქართველოს სსრ მეცნიერებათა აკადემია. |
| Subordinate unit |
ისტორიის, არქეოლოგიისა და ეთნოგრაფიის ინსტიტუტი ივანე ჯავახიშვილის სახელობის. |
| 9 (RLIN) |
18151 |
| 942 ## - ADDED ENTRY ELEMENTS (KOHA) |
| Source of classification or shelving scheme |
|
| Koha item type |
წიგნი |